[Event "Spice Cup Open"]
[Site "Saint Louis USA"]
[Date "2012.10.18"]
[Round "7"]
[White "Bartholomew,J"]
[Black "Ostrovskiy,Al"]
[Result "0-1"]
[WhiteElo "2446"]
[BlackElo "2377"]

1.c4 c6 2.Nf3 d5 3.g3 Nf6 4.Bg2 Bf5 5.cxd5 cxd5 6.Qb3 Nc6 7.Qxb7 Bd7 8.Qb3 e5
9.O-O Rb8 10.Qd1 Bd6 11.d3 O-O 12.Nc3 d4 13.Ne4 Nxe4 14.dxe4 Qe7 15.b3 Bc5
16.Ne1 Rbc8 17.Nd3 Bb6 18.Bd2 a5 19.f4 f6 20.fxe5 fxe5 21.Rxf8+ Rxf8 22.a3 Rb8
23.Qc2 Na7 24.b4 a4 25.Nc5 Bxc5 26.bxc5 Qe6 27.e3 dxe3 28.Bxe3 Qb3 29.Qd2 Be6
30.Bf2 Qb2 31.Qxb2 Rxb2 32.Rd1 Kf7 33.Bf1 Ra2 34.Rd6 Rxa3 35.c6 Nc8 36.Rd7+ Kf6
37.Ba6 Ne7 38.Rd6 Rc3 39.Be1 Rc1 40.Kf2 a3 41.c7 a2 42.c8=Q Nxc8 43.Bxc8 a1=Q  0-1

[Event "TCh-AUT 2 Mitte 2012-13"]
[Site "Bad Schallerbach AUT"]
[Date "2012.10.20"]
[Round "2.4"]
[White "Hermann,Jo"]
[Black "Hartl,D"]
[Result "0-1"]
[WhiteElo "2158"]
[BlackElo "2275"]

1.c4 c6 2.g3 d5 3.cxd5 cxd5 4.Bg2 Nf6 5.Nf3 Nc6 6.d4 Bf5 7.Nh4 Bxb1 8.Rxb1 Qa5+
9.Bd2 Qxa2 10.O-O e6 11.Bg5 Be7 12.Qd3 Qa5 13.Rfc1 h6 14.Bd2 Qb6 15.e3 O-O
16.f4 Rac8 17.Rf1 Rfd8 18.Bc3 Qb3 19.Qe2 Ne4 20.Bxe4 dxe4 21.f5 exf5 22.Rxf5 Bxh4
23.gxh4 Qe6 24.Rbf1 Rc7 25.Qb5 Rcd7 26.R1f4 b6 27.Qf1 Ne7 28.Re5 Qg6+ 29.Kh1 Nd5
30.Rfxe4 Nf6 31.Rf4 Ng4 32.Ree4 Nf6 33.Re5 Nd5 34.Rf3 Re7 35.Rg3 Qd6 36.Qg2 f6
37.Rxe7 Qxe7 38.e4 Nxc3 39.bxc3 a5 40.Re3 Kh8 41.e5 fxe5 42.Rxe5 Qxe5  0-1

[Event "Bundesliga 2012-13"]
[Site "Forchheim GER"]
[Date "2012.10.20"]
[Round "1"]
[White "Jones,G"]
[Black "Seyb,A"]
[Result "1-0"]
[WhiteElo "2641"]
[BlackElo "2310"]

1.c4 c6 2.e4 d5 3.exd5 cxd5 4.d4 Nf6 5.Nc3 Nc6 6.Bg5 dxc4 7.Bxc4 h6 8.Bh4 Qxd4
9.Qxd4 Nxd4 10.O-O-O e5 11.f4 Bg4 12.Nf3 Bxf3 13.gxf3 Rc8 14.fxe5 Rxc4 15.exf6 Ne6
16.Bg3 gxf6 17.Kb1 h5 18.Nd5 Be7 19.Rhe1 h4 20.Bb8 a6 21.f4 f5 22.Nxe7 Kxe7
23.Bd6+ Ke8 24.Rd5 Rg8 25.Rxf5 Rg2 26.Rd5 Kd7 27.f5 Ng5 28.Be5+ Kc6 29.Red1 Ne4
30.Rd7 Nc5 31.Rxf7 b6 32.Rc7+ Kb5 33.f6 Rf2 34.f7 Re4 35.Bg7 Ne6 36.Re7 Rg4
37.Bh6 Rgg2 38.Bc1 Rg6 39.Rd6 Nf8 40.Re5+ Kc4 41.Re4+ Kb5 42.a4+  1-0

[Event "Bundesliga 2012-13"]
[Site "Forchheim GER"]
[Date "2012.10.20"]
[Round "1"]
[White "Hoffmann,Micha1"]
[Black "Doeres,H"]
[Result "1-0"]
[WhiteElo "2474"]
[BlackElo "2226"]

1.c4 c6 2.e4 d5 3.exd5 cxd5 4.cxd5 Nf6 5.Nc3 Nxd5 6.Nf3 Nc6 7.Bb5 Nxc3 8.bxc3 Bd7
9.O-O e6 10.d4 Be7 11.Re1 O-O 12.Bd3 Re8 13.Rb1 Qc7 14.Ng5 Bxg5 15.Bxg5 Ne7
16.Qf3 Bc6 17.Qg4 Ng6 18.h4 f5 19.Qh3 Rac8 20.Qe3 h6 21.h5 hxg5 22.hxg6 Qf4
23.Qh3 Qh4 24.Qxh4 gxh4 25.Re3 b6 26.Rbe1 Bd5 27.Bxf5 Bxa2 28.Bxe6+ Rxe6
29.Rxe6 Bxe6 30.Rxe6 Kf8 31.Re3 Rc6 32.Rf3+ Kg8 33.Rh3 Rxg6 34.Rxh4 Rc6 35.Rh3 a5
36.Kf1 a4 37.Ke2 Kf7 38.Kd3 b5 39.Rh1 Ke6 40.Re1+  1-0

[Event "Bundesliga 2012-13"]
[Site "Griesheim GER"]
[Date "2012.10.20"]
[Round "1"]
[White "Carlstedt,J"]
[Black "Kuipers,S"]
[Result "1/2-1/2"]
[WhiteElo "2383"]
[BlackElo "2434"]

1.c4 c6 2.g3 d5 3.Nf3 Bg4 4.Ne5 Bf5 5.Qb3 Nd7 6.Nxd7 Qxd7 7.Bg2 dxc4 8.Qxc4 Bh3
9.Bf3 g6 10.Nc3 Nf6 11.d3 Bg7 12.Bf4 Bg4 13.Bg2 Bh3 14.Bf3 Bg4 15.Bg2 Bh3  1/2-1/2

[Event "Bundesliga 2012-13"]
[Site "Hamburg GER"]
[Date "2012.10.20"]
[Round "1"]
[White "Bacrot,E"]
[Black "Kempinski,R"]
[Result "1-0"]
[WhiteElo "2705"]
[BlackElo "2602"]

1.c4 c6 2.e4 d5 3.exd5 cxd5 4.d4 Nf6 5.Nc3 e6 6.Nf3 Be7 7.Bf4 O-O 8.c5 Ne4
9.Bd3 Nxc3 10.bxc3 Nc6 11.h4 g6 12.Qc2 f5 13.Qd2 b6 14.Bb5 Bd7 15.h5 gxh5
16.Rxh5 bxc5 17.Bxc6 Bxc6 18.Be5 Bf6 19.Ng5 cxd4 20.cxd4 Bxe5 21.dxe5 Qc7
22.Qc3 d4 23.Qc5 d3 24.Nxh7 Qb7 25.Qd4 Rad8 26.Nf6+ Kf7 27.Rh7+ Kg6 28.Rh6+ Kf7
29.Rh7+ Kg6 30.Qf4 d2+ 31.Kd1 Qxh7 32.Nxh7 Kxh7 33.Rb1 Rd3 34.Qc4 Be4 35.f3 Rxf3
36.gxf3 Bxb1 37.Qxe6 Kg7 38.Kxd2 f4 39.Qe7+ Rf7 40.Qg5+ Bg6 41.e6 Rf5 42.Qe7+ Kh6
43.Qxa7 Rd5+ 44.Kc1 Rd3 45.e7 Rxf3 46.Qd4 Rf1+ 47.Kd2 Kh7 48.e8=Q  1-0

[Event "Bundesliga 2012-13"]
[Site "Hamburg GER"]
[Date "2012.10.20"]
[Round "1"]
[White "Howell,D"]
[Black "Feuerstack,A"]
[Result "1-0"]
[WhiteElo "2634"]
[BlackElo "2421"]

1.c4 c6 2.Nf3 d5 3.e3 Bf5 4.Qb3 Qc7 5.Nc3 e6 6.Nh4 Bg6 7.d4 Nd7 8.Nxg6 hxg6
9.e4 dxe4 10.Nxe4 Ndf6 11.Ng5 O-O-O 12.Be3 Qa5+ 13.Bd2 Qc7 14.Be3 Qa5+ 15.Bd2 Qc7
16.Qg3 Bd6 17.Qf3 e5 18.g3 exd4 19.Bh3+ Kb8 20.O-O Nh7 21.Ne4 Be5 22.Bg2 Ngf6
23.Nc5 Nd7 24.Nd3 f5 25.Rfe1 Rhe8 26.Qd1 Ka8 27.b4 Nhf8 28.b5 cxb5 29.cxb5 Ne6
30.Rc1 Nec5 31.Rxe5 Rxe5 32.Bf4 Nxd3 33.Rxc7 Re1+ 34.Qxe1 Nxe1 35.Bxb7+ Kb8
36.Rxd7+  1-0

[Event "16th Unive Open"]
[Site "Hoogeveen NED"]
[Date "2012.10.20"]
[Round "2"]
[White "Piasetski,L"]
[Black "Van Kampen,R"]
[Result "1/2-1/2"]
[WhiteElo "2298"]
[BlackElo "2570"]

1.c4 c6 2.Nf3 d5 3.e3 Nf6 4.d4 Bf5 5.Nc3 e6 6.Nh4 Be4 7.f3 Bg6 8.Qb3 Qc7
9.g3 Be7 10.Bd2 Nbd7 11.cxd5 Nxd5 12.Ng2 Nxc3 13.bxc3 e5 14.Bc4 O-O 15.O-O Nb6
16.Be2 c5 17.a4 Rad8 18.a5 Nc8 19.e4 Kh8 20.Ne3 exd4 21.cxd4 Bf6 22.e5 Bxe5
23.dxe5 Rxd2 24.Rae1 Ne7 25.Nc4 Rd7 26.e6 fxe6 27.f4 Nc6 28.Qe3 Rd4 29.Qxe6 Re8
30.Qh3 Bf7 31.Qf5 Qd7 32.Qxc5 Rxe2 33.Qf8+ Bg8 34.Rxe2 Rxc4 35.Re8 Qd4+ 36.Rf2 Rc1+
37.Kg2 Qd5+ 38.Kh3 Qh5+ 39.Kg2 Qd5+ 40.Kh3 Rd1 41.f5 Ne5 42.f6 Qd7+ 43.Kg2 Qd5+
44.Kh3 Qd7+  1/2-1/2

[Event "NIT Nagpur GM Open 2012"]
[Site "Nagpur IND"]
[Date "2012.10.20"]
[Round "8.13"]
[White "Sangma,R"]
[Black "Ankit,R"]
[Result "0-1"]
[WhiteElo "2345"]
[BlackElo "2397"]

1.c4 c6 2.Nf3 d5 3.e3 Nf6 4.b3 Bf5 5.Bb2 e6 6.Be2 h6 7.O-O Nbd7 8.Nc3 Bd6
9.d3 Bh7 10.Re1 O-O 11.Bf1 Qe7 12.a3 Rfd8 13.cxd5 exd5 14.b4 Ne5 15.Nxe5 Bxe5
16.Na4 Bxb2 17.Nxb2 Bf5 18.d4 Ne4 19.Bd3 Nd6 20.Bxf5 Nxf5 21.Qg4 Nd6 22.Nd3 Nc4
23.Qd1 a5 24.Qb3 Ra7 25.bxa5 Rxa5 26.Qb4 Qc7 27.e4 dxe4 28.Rxe4 Nd6 29.Re7 Qxe7
30.Qxa5 Nb5 31.Nc5 Rxd4 32.Qa8+ Rd8 33.Qa5 Rd5 34.Qa8+ Kh7 35.Nxb7 Rd7 36.a4 Rxb7
37.axb5 cxb5 38.Qc8 b4 39.Qc2+ g6 40.Rb1 b3 41.Qd3 b2 42.g3 Qc5 43.Qd2 Qb4
44.Qc2 Qb3 45.Qd2 Rb5 46.h4 h5 47.Kg2 Qb4 48.Qc2 Qd4 49.Kh2 Qb4 50.Kg2 Qb3
51.Qd2 Rb6 52.Kh2 Qb4 53.Qc2 Qd4 54.Kg2 Kg7 55.Kh2 g5 56.hxg5 h4 57.Kh3 hxg3
58.fxg3 Rb8 59.Kg2 Rb5 60.Kh3 Rb6 61.Kh2 Qe5 62.Kg2 Qd5+ 63.Kh3 Qxg5 64.Qc3+ Qf6
65.Qd3 Rd6 66.Qc2 Qh6+ 67.Kg4 Qe6+ 68.Kf3 Qd5+ 69.Ke3 Qd4+ 70.Kf3 Qd3+ 71.Qxd3 Rxd3+
72.Ke4 Rb3 73.Kd4 Kg6 74.Kc4 Rb8 75.Kc3 Kg5  0-1

[Event "TCh-SUI National A 2012"]
[Site "Switzerland SUI"]
[Date "2012.10.20"]
[Round "8.6"]
[White "Kuemin,S"]
[Black "Gruenenwald,J"]
[Result "1-0"]
[WhiteElo "2381"]
[BlackElo "2319"]

1.c4 c6 2.e4 e5 3.Nf3 Nf6 4.Nc3 Bb4 5.Nxe5 Qe7 6.Nd3 Bxc3 7.dxc3 Qxe4+ 8.Qe2 O-O
9.Qxe4 Nxe4 10.f3 Nf6 11.Bg5 Re8+ 12.Be2 d5 13.Bxf6 dxc4 14.Nf4 gxf6 15.O-O-O b5
16.Rd6 f5 17.Rhd1 Kf8 18.Bf1 Be6 19.Nxe6+ fxe6 20.Re1 Kf7 21.f4 Re7 22.Rd8 a6
23.Be2 Kf6 24.Red1 Rea7 25.Rf8+ Rf7 26.Rh8  1-0

[Event "TCh-CZE Div1 Vychod 2012-13"]
[Site "Czech Republic CZE"]
[Date "2012.10.21"]
[Round "1.7"]
[White "Turner,R"]
[Black "Mitura,V"]
[Result "1/2-1/2"]
[WhiteElo "2099"]
[BlackElo "2164"]

1.c4 c6 2.g3 d5 3.cxd5 cxd5 4.Nf3 Nc6 5.d4 Nf6 6.Bg2 Bf5 7.Ne5 e6 8.Qa4 Qa5+
9.Qxa5 Nxa5 10.Bd2 Nc6 11.Nxc6 bxc6 12.Nc3 Be7 13.Na4 Be4 14.f3 Bc2 15.b3 Bg6
16.Rc1 Rc8 17.Nc5 Nd7 18.e4 Nxc5 19.dxc5 Bf6 20.Kf2 O-O 21.Rhe1 dxe4 22.fxe4 Bb2
23.Rc4 Rfd8 24.Be3 Rd7 25.Re2 Be5 26.Rd2 Rxd2+ 27.Bxd2 f6 28.Ra4 Rc7 29.Ra6 Bd4+
30.Be3 Bxe3+ 31.Kxe3 e5 32.Bf1 Bf7 33.Bd3 Be6 34.Ra4 Kf8 35.Rb4 Ke7 36.Rb8 Bc8
37.Bc4 h6 38.Ra8 g6 39.a3 f5 40.b4 Kf6 41.Be2 Be6 42.Rf8+ Kg7 43.Ra8 Kf6
44.h4 Bc8 45.Bc4 Kg7 46.a4 Kf6 47.Be2 Ke6 48.Bf1 Kf6 49.Bc4 g5 50.exf5 Kxf5
51.hxg5 Kxg5 52.Be2 Kf6 53.Bd3 Kg5 54.Be4 Kf6  1/2-1/2

[Event "7th Americas Continental 2012"]
[Site "Mar del Plata ARG"]
[Date "2012.10.21"]
[Round "11.19"]
[White "Lujan,C"]
[Black "Umetsubo,C"]
[Result "0-1"]
[WhiteElo "2379"]
[BlackElo "2276"]

1.c4 c6 2.Nf3 d5 3.e3 Nf6 4.Nc3 e6 5.Qc2 Be7 6.b3 O-O 7.Bb2 c5 8.cxd5 exd5
9.d4 Nc6 10.dxc5 Bxc5 11.Be2 Bg4 12.O-O Rc8 13.Rad1 Qe7 14.Qb1 Rfd8 15.Ng5 Bxe2
16.Nxd5 Rxd5 17.Bxf6 Rxg5 18.Bxe7 Bxe7 19.f4 Rc5 20.Rfe1 Bxd1 21.Rxd1 Rd8
22.Rxd8+ Bxd8 23.Qe4 Be7 24.g4 g6 25.h4 Bxh4 26.Qe8+ Kg7 27.g5 Be1 28.Kf1 Bb4
29.Ke2 a5 30.Qd7 b5 31.e4 Rc2+ 32.Kf1 Bf8 33.e5 Rc5 34.e6 Be7 35.exf7 Kxf7
36.Qh3 Kg7 37.Qd7 Kf7 38.Qh3 Kg7 39.Qd7 b4 40.Kg2 h6 41.gxh6+ Kxh6 42.Qh3+ Kg7
43.Qd7 Kf7 44.f5 gxf5 45.Qd1 Ne5 46.Qh5+ Ng6 47.Qd1 Kf6 48.Qd4+ Kg5 49.Qd2+ f4
50.Kf3 Nh4+ 51.Kf2 Re5 52.Qd7 Bc5+ 53.Kf1 f3 54.Qd8+ Kg4 55.a4 bxa3 56.b4 Nf5
57.Qg8+ Kf4 58.Qc4+ Re4 59.Qc1+ Be3 60.Qc7+ Kg4 61.Qc8 a2 62.Qg8+ Bg5  0-1

[Event "16th Unive Open"]
[Site "Hoogeveen NED"]
[Date "2012.10.23"]
[Round "5"]
[White "Grant,J"]
[Black "Gieben,Stijn"]
[Result "1-0"]
[WhiteElo "2217"]
[BlackElo "2068"]

1.c4 c6 2.g3 Nf6 3.Nf3 d5 4.Bg2 dxc4 5.Na3 g6 6.Nxc4 Bg7 7.O-O O-O 8.b4 Nd5
9.Rb1 Bf5 10.Rb3 b5 11.Ne3 Nxe3 12.Rxe3 Qd6 13.Qb3 Nd7 14.Bb2 Bh6 15.Rc3 Nb6
16.Rc5 Na4 17.Nd4 Bd7 18.Nxc6 Bxc6 19.Rxc6 Qd7 20.Rc2 Rac8 21.Rfc1 Rxc2 22.Rxc2 Rc8
23.Qd3 Qe8 24.Bd4 Rd8 25.Bc6 Qf8 26.Qe4 a6 27.e3 e6 28.Qe5 Bg7 29.Qxg7+ Qxg7
30.Bxg7 Kxg7 31.Bb7 Rd6 32.d4 Rb6 33.Bf3 Rd6 34.Rc7 Nb2 35.Be2 Na4 36.a3 Nb6
37.h4 Nd5 38.Ra7 Nc3 39.Bf3 Rb6 40.h5 Nb1 41.h6+ Kxh6 42.Rxf7 Nxa3 43.g4 Nc4
44.Be2 e5 45.Rd7 exd4 46.f4 g5 47.Bd3 Rg6 48.Bxg6 hxg6 49.Rd5 dxe3 50.fxg5+ Kg7
51.Rd7+ Kf8 52.Ra7 Ne5 53.Rxa6 Kf7 54.Kf1 Nd3 55.Rb6 Nxb4 56.Rxb5 Nc2 57.Re5 Nd4
58.Rxe3 Ne6 59.Re5  1-0

[Event "13th Liberec Open 2012"]
[Site "Liberec CZE"]
[Date "2012.10.24"]
[Round "6"]
[White "Kucera,P3"]
[Black "Vavra,P1"]
[Result "1/2-1/2"]
[WhiteElo "2202"]
[BlackElo "2376"]

1.c4 c6 2.e4 e5 3.Nc3 g6 4.d4 d6 5.Be3 Qc7 6.Nge2 Bg7 7.Qd2 Nd7 8.O-O-O Ngf6
9.f3 a6 10.d5 cxd5 11.Nxd5 Nxd5 12.Qxd5 Ke7 13.Nc3 Nf6 14.c5 Nxd5 15.Nxd5+ Kd7
16.Nxc7 Kxc7 17.Rxd6 Be6 18.b3 Rhd8 19.Rxd8 Rxd8 20.Be2 Kc6 21.Kb2 f5 22.Rd1 Rxd1
23.Bxd1 f4 24.Bf2 Bf8 25.b4 Bc4 26.a3 g5 27.g3 h5 28.Ba4+ Bb5 29.Bxb5+ axb5
30.gxf4 exf4 31.h3 Bg7+ 32.Kc2 Kd7 33.Kb3 Ke6 34.a4 bxa4+ 35.Kxa4 g4 36.hxg4 hxg4
37.fxg4 Ke5 38.b5 Kxe4 39.c6 bxc6 40.bxc6 Be5 41.Kb5 f3 42.Kc4 Kf4 43.Kd5 Bc7  1/2-1/2

[Event "16th Unive Open"]
[Site "Hoogeveen NED"]
[Date "2012.10.25"]
[Round "7"]
[White "Ernst,S"]
[Black "L'Ami,E"]
[Result "1/2-1/2"]
[WhiteElo "2554"]
[BlackElo "2631"]

1.c4 c6 2.Nf3 d5 3.g3 Bg4 4.Ne5 Be6 5.cxd5 Bxd5 6.f3 Nd7 7.Nxd7 Qxd7 8.e4 Be6
9.d4 Bh3 10.Be3 Bxf1 11.Kxf1 e5 12.Nc3 Rd8 13.d5 Nf6 14.Bxa7 cxd5 15.exd5 Bb4
16.Kg2 O-O 17.Qb3 Bxc3 18.bxc3 Nxd5 19.Rhd1 Qc6 20.c4 Nf6 21.Qb5 Qe6 22.Qxb7 Qxc4
23.Qb3 Qe2+ 24.Bf2 e4 25.a4 Rb8 26.Qe3 Qxe3 27.Bxe3 Rb3 28.Re1 exf3+ 29.Kxf3 Re8
30.Rad1 h5 31.h3 Ra3 32.Rd4 Ra8 33.Rc1 R8xa4 34.Rxa4 Rxa4 35.Rc5 Ra3 36.Re5 Rd3
37.Ke2 Ra3 38.Kf2 Kh7 39.Kg2 Rd3 40.Kf2 h4 41.gxh4 Nd5 42.Bc1 f6 43.Ke2 Rd4
44.Rh5+ Kg6 45.Rh8 Nf4+ 46.Bxf4 Rxf4 47.Ke3 Rf1 48.h5+ Kf7 49.h4 Re1+ 50.Kf4 Re8
51.Rxe8 Kxe8 52.h6 gxh6 53.Kf5 Kf7 54.h5 Ke7 55.Kg6 Ke6 56.Kxh6 Kf7 57.Kh7 f5
58.h6 f4 59.Kh8 f3 60.h7 f2  1/2-1/2

[Event "Danilo Batricevic Mem Balkan GP"]
[Site "Cetinje MNE"]
[Date "2012.10.26"]
[Round "8.7"]
[White "Damljanovic,B"]
[Black "Nikcevic,N"]
[Result "1/2-1/2"]
[WhiteElo "2572"]
[BlackElo "2432"]

1.c4 c6 2.e4 e5 3.Nf3 Nf6 4.Nc3 Bb4 5.Nxe5 Qe7 6.Nd3 Nxe4 7.Qe2 Nxc3 8.dxc3 Qxe2+
9.Bxe2 Be7 10.Bf4 d6 11.O-O-O O-O 12.Nb4 Rd8 13.Rd2 g5 14.Bg3 f5 15.f3 f4
16.Bf2 Nd7 17.h4 Ne5 18.hxg5 Bxg5 19.Bh4 h6 20.a4 Bf5 21.a5 a6 22.b3 Rd7
23.Bd1 Re8 24.Bc2 Bxc2 25.Kxc2 Kg7 26.Bf2 Kg6 27.Rhd1 Nf7 28.c5 Re6 29.cxd6 Rdxd6
30.Nd3 Kf5 31.Bb6 Be7 32.b4 Ne5 33.Nxe5 Rxd2+ 34.Rxd2 Rxe5 35.Rd7 Ke6 36.Rxb7 Re2+
37.Kd3 Rxg2 38.Rc7 Bd6 39.Rxc6 Kd7 40.Rc4 h5 41.Rd4 Kc6 42.Re4 Rg3 43.Ke2 Rg5
44.Kf1 Re5 45.Rc4+ Kd7 46.Rxf4 Rxa5 47.Rd4 Ra1+ 48.Ke2 Ke6 49.Bd8 Be5 50.Rc4 Kd7
51.Bg5 a5 52.Rc5 Kd6 53.Rxa5 Rxa5 54.bxa5 Bxc3 55.a6 Kc6 56.Be3 Be5 57.Kf2 Kc7
58.Kg2 Kb8 59.Kh3 Bf6 60.Kg3 Ka8 61.Kf4 Bd8 62.Kf5 Be7 63.Ke4 Bd6 64.Bf2 Bc7
65.Kf5 Bd8 66.Bc5 Kb8 67.Bg1 Ka8 68.Be3 Kb8 69.Kf4 Ka8 70.Kg3 Be7 71.Kh3 Bf6
72.f4 Be7 73.f5 Bf6 74.Bf2 Kb8 75.Kg3 Ka8 76.Kf4 Kb8 77.Bg1 Ka8 78.Ke4 Bd8
79.Kf3 Bf6 80.Bf2 Bd8 81.Kg3 Bf6 82.Kh3 Be7 83.Bh4 Bd6 84.Bf6 Ka7 85.Kh4 Kxa6
86.Kxh5 Kb7 87.Kg6 Kc6 88.Kf7 Kd7 89.Bd4 Be7 90.Be3 Bh4 91.Bh6 Be7  1/2-1/2

[Event "5th Douglas Martinez"]
[Site "Guarenas VEN"]
[Date "2012.10.26"]
[Round "2.8"]
[White "Vera Gonzalez Quevedo,R"]
[Black "Martinez Reyes,P"]
[Result "1-0"]
[WhiteElo "2481"]
[BlackElo "2221"]

1.c4 c6 2.d4 d5 3.Nc3 Nf6 4.Nf3 e6 5.Qb3 Nbd7 6.g3 Be7 7.Bg2 O-O 8.O-O b6
9.Bf4 Bb7 10.Rad1 Nh5 11.Bc1 Nhf6 12.Rfe1 h6 13.e4 Nxe4 14.Nxe4 dxe4 15.Rxe4 c5
16.d5 Nf6 17.Ree1 exd5 18.cxd5 Bxd5 19.Rxd5 Nxd5 20.Ne5 Nb4 21.Bxa8 Qxa8
22.Ng6 Bf6 23.Nxf8 Kxf8 24.a3 Nc6 25.Qf3 Qc8 26.Bxh6 Bxb2 27.Bg5 Ne5 28.Qd5 Ng6
29.h4 f6 30.h5 Ne5 31.h6 Nf7 32.hxg7+ Kxg7 33.Re7 Qg8 34.Bf4 Bd4 35.Rxa7 Qe8
36.Kg2 Kg6 37.Ra8 Qe7 38.Rg8+ Kh7 39.Rg4 Be5 40.Bxe5 Nh6 41.Qd3+  1-0

[Event "Chigorin Mem Rapid"]
[Site "St Petersburg RUS"]
[Date "2012.10.26"]
[Round "5.2"]
[White "Grachev,B"]
[Black "Burmakin,V"]
[Result "1-0"]
[WhiteElo "2672"]
[BlackElo "2579"]

1.c4 c6 2.Nf3 d5 3.d4 Nf6 4.Nc3 a6 5.cxd5 cxd5 6.Bf4 Nc6 7.Ne5 e6 8.e3 Nxe5
9.Bxe5 Bd6 10.Bd3 Bxe5 11.dxe5 Nd7 12.f4 Nc5 13.Rc1 Nxd3+ 14.Qxd3 Bd7 15.O-O O-O
16.Rf2 Rc8 17.Rfc2 Qa5 18.Qd2 Rc4 19.b3 Rc7 20.Ne4 Qxd2 21.Nxd2 Rc6 22.Rxc6 Bxc6
23.Nf3 Rc8 24.Nd4 Kf8 25.Kf2 Ke7 26.Ke1 Kd7 27.Kd2 Kd8 28.g4 Bd7 29.Rg1 Ke7
30.g5 Rh8 31.h4 h6 32.a4 hxg5 33.hxg5 g6 34.Rc1 Kd8 35.a5 Rh2+ 36.Kd3 Rh3
37.Rc5 Rh2 38.Rc1 Rh3 39.Rc2 Rh1 40.Kc3 Rh3 41.Re2 Kc7 42.Kb4 Kd8 43.Kc5 Kc7
44.Rc2 Rxe3 45.Nxe6+ Kb8 46.Nd8 Bf5 47.Rd2 Kc7 48.Nxf7 Rxb3 49.Nd6 Be6 50.Ne8+ Kd7
51.Nf6+ Ke7 52.Nxd5+ Kf7 53.Nc7 Bf5 54.Rd6 Rc3+ 55.Kb6 Rb3+ 56.Ka7 Ra3 57.e6+ Bxe6
58.Rxe6 Rxa5 59.Rf6+ Ke7  1-0

[Event "Chigorin Mem Rapid"]
[Site "St Petersburg RUS"]
[Date "2012.10.26"]
[Round "7.2"]
[White "Grachev,B"]
[Black "Shimanov,A"]
[Result "1/2-1/2"]
[WhiteElo "2672"]
[BlackElo "2599"]

1.c4 c6 2.d4 d5 3.Nf3 Nf6 4.e3 a6 5.Bd3 Bg4 6.Nbd2 Nbd7 7.O-O e6 8.b3 Bd6
9.Bb2 O-O 10.Qc2 Qb8 11.h3 Bh5 12.Ng5 h6 13.Nh7 Nxh7 14.Bxh7+ Kh8 15.Bd3 f5
16.a4 a5 17.Rae1 Qd8 18.Be2 Qh4 19.Qd1 Bxe2 20.Qxe2 Bb4 21.Nf3 Qh5 22.Rc1 Nf6
23.Rc2 g5 24.Ne5 g4 25.h4 Bd6 26.g3 Ne4 27.Ra1 Rfd8  1/2-1/2

[Event "16th Unive Open"]
[Site "Hoogeveen NED"]
[Date "2012.10.27"]
[Round "9"]
[White "Van Foreest,Jorden"]
[Black "Van Delft,M"]
[Result "0-1"]
[WhiteElo "2225"]
[BlackElo "2395"]

1.c4 c6 2.e4 d5 3.exd5 cxd5 4.d4 Nf6 5.Nc3 Nc6 6.Bg5 Ne4 7.Nxe4 dxe4 8.d5 Ne5
9.Qd4 f6 10.Qxe4 Qb6 11.O-O-O Qxf2 12.Bf4 g6 13.Bxe5 Bh6+ 14.Bf4 Bxf4+ 15.Kb1 Bf5
16.Qxf5 gxf5 17.Nh3 Qe3  0-1

[Event "16th Unive Open"]
[Site "Hoogeveen NED"]
[Date "2012.10.27"]
[Round "9"]
[White "Bosboom,M"]
[Black "Riemersma,L"]
[Result "1-0"]
[WhiteElo "2402"]
[BlackElo "2420"]

1.c4 c6 2.Nf3 d5 3.Qc2 Nf6 4.h3 Nbd7 5.e3 e5 6.b3 Bd6 7.Bb2 O-O 8.Nc3 a6
9.d3 Re8 10.Be2 Nf8 11.O-O-O b5 12.Kb1 Ne6 13.g4 d4 14.Ne4 Nxe4 15.dxe4 c5
16.h4 Ra7 17.Ng5 f6 18.Nxe6 Bxe6 19.f4 b4 20.g5 Bf7 21.Rhg1 fxg5 22.Rxg5 h6
23.Rg2 Kh8 24.Rdg1 Bg8 25.exd4 exd4 26.e5 Bf8 27.Bd3 a5 28.Qe2 Rf7 29.Bc1 Qd7
30.Qh5 Bh7 31.Rg6 Re6 32.Kc2 Rxg6 33.Rxg6 Qh3 34.Bd2 Re7 35.Qg4 Qxg4 36.Rxg4 Rf7
37.h5 Bf5 38.Rh4 Be7 39.Rh2 Be6 40.Bg6 Rf8 41.Kd3 a4 42.Rf2 Bd7 43.f5 Bh4
44.Rf1 axb3 45.axb3 Kg8 46.f6 Be6 47.Ra1 Bg3 48.Ra7 Bxe5 49.Rxg7+ Kh8 50.Re7 Rxf6
51.Bxh6 Bf5+ 52.Bxf5 Rxf5 53.Ke4 Rxh5 54.Rxe5 Rxh6 55.Rxc5 Rh4+ 56.Kd3 Rh3+
57.Kxd4 Rxb3 58.Rb5 Kg7 59.Kc5 Rc3 60.Kxb4 Rc1 61.Rf5  1-0

[Event "e2e4 Basingstoke Int Open"]
[Site "Basingstoke ENG"]
[Date "2012.10.28"]
[Round "3.4"]
[White "Merry,Alan B"]
[Black "Ghasi,A"]
[Result "0-1"]
[WhiteElo "2221"]
[BlackElo "2430"]

1.c4 c6 2.Nf3 Nf6 3.g3 g6 4.Bg2 Bg7 5.O-O d5 6.b3 Ne4 7.d4 O-O 8.Bb2 Bf5
9.Nbd2 Qb6 10.Nh4 Nxd2 11.Qxd2 Be6 12.c5 Qc7 13.Bc3 b6 14.b4 Nd7 15.Rfc1 Nf6
16.Qc2 bxc5 17.bxc5 Qd7 18.e3 Rab8 19.Be1 Bh3 20.Qa4 Bxg2 21.Kxg2 Rb5 22.Rab1 Rfb8
23.Rb3 Ne4 24.Rcb1 g5 25.Nf3 g4 26.Ng1 e5 27.Rxb5 cxb5 28.Qa6 exd4 29.c6 Qe6
30.Rxb5 Re8 31.Qxa7 Qxc6 32.Rb7 d3 33.Rxf7 Qg6 34.Rf4 Be5 35.Bb4 Bxf4 36.gxf4 Nf6
37.Bc3 Ne4 38.Bb2 Nd6 39.Qc5 Qe4+ 40.f3 gxf3+ 41.Nxf3 Nc4 42.Bc3 d2 43.Qc7 Qxf3+
44.Kxf3 d1=Q+ 45.Kg3 Qg1+  0-1

[Event "7th Deizisau Autumn"]
[Site "Deizisau GER"]
[Date "2012.10.28"]
[Round "4.1"]
[White "Schild,C GER"]
[Black "Sanikidze,T"]
[Result "1/2-1/2"]
[WhiteElo "2289"]
[BlackElo "2580"]

1.c4 c6 2.Nf3 g6 3.g3 Bg7 4.Bg2 d5 5.cxd5 cxd5 6.d4 Nf6 7.O-O O-O 8.Nc3 Nc6
9.Ne5 Bf5 10.Bg5 Qd6 11.Bxf6 Bxf6 12.Nxd5 Bxe5 13.dxe5 Qxe5 14.e4 Be6 15.Qb3 Rab8
16.Qa3 Rfe8 17.Rac1 a6 18.Kh1 Bxd5 19.exd5 Nd4 20.Qe3 Qf6 21.f4 Nf5 22.Qe5 Qxe5  1/2-1/2

[Event "5th Douglas Martinez"]
[Site "Guarenas VEN"]
[Date "2012.10.28"]
[Round "6.5"]
[White "Borges Mateos,J"]
[Black "Aguero Jimenez,L"]
[Result "1/2-1/2"]
[WhiteElo "2453"]
[BlackElo "2436"]

1.c4 c6 2.Nf3 d5 3.e3 Nf6 4.Nc3 e6 5.b3 Nbd7 6.Qc2 Bd6 7.Bb2 O-O 8.Rg1 b6
9.g4 Bb7 10.g5 Ne8 11.d4 Rc8 12.Bd3 g6 13.h4  1/2-1/2

[Event "Chigorin Memorial 2012"]
[Site "St Petersburg RUS"]
[Date "2012.10.28"]
[Round "2.7"]
[White "Nikologorskiy,K"]
[Black "Grachev,B"]
[Result "1/2-1/2"]
[WhiteElo "2400"]
[BlackElo "2672"]

1.c4 c6 2.Nf3 d5 3.d4 Nf6 4.g3 dxc4 5.Bg2 Nbd7 6.O-O g6 7.a4 a5 8.Qc2 Nb6
9.e4 Bg7 10.Rd1 O-O 11.Na3 Bg4 12.h3 Bxf3 13.Bxf3 Nfd7 14.Bg2 Nb8 15.Be3 Na6
16.Nxc4 Nb4 17.Qb3 Nxc4 18.Qxc4 Qd7 19.Rac1 Rfd8 20.Kh2 e6 21.b3 h6 22.h4 Kh7
23.Bh3 Qe7 24.f4 h5 25.Bf2 f5 26.Re1 Qf6 27.Re2 Rd7 28.Rd1 Rad8 29.Qc5 Qf8
30.Qc4 Qf7 31.Qc5 Qf8 32.Qc4 Qf7 33.Qc5 Qf8  1/2-1/2

[Event "Chigorin Memorial 2012"]
[Site "St Petersburg RUS"]
[Date "2012.10.28"]
[Round "2.9"]
[White "Khairullin,I"]
[Black "Nezad,H"]
[Result "1/2-1/2"]
[WhiteElo "2639"]
[BlackElo "2396"]

1.c4 c6 2.d4 d5 3.e3 Nf6 4.Bd3 Bg4 5.Qb3 Qb6 6.Nc3 e6 7.Nge2 Bxe2 8.Bxe2 Nbd7
9.Bd2 Qxb3 10.axb3 Bb4 11.f3 h5 12.Bd3 O-O 13.Ke2 a5 14.Rhd1 Rfe8 15.Kf1 b6
16.Be1 Rac8 17.Rac1 dxc4 18.bxc4 c5 19.Bf2 cxd4 20.exd4 e5 21.d5 Bc5 22.Bg3 Bd4
23.Rc2 g6 24.Nb5 Bc5 25.Re2 Kg7 26.b3 Rh8 27.h4 Rhe8 28.Be1 Ng8 29.Bc3 Nh6
30.Na7 Ra8 31.Nb5 Rac8 32.Na7 Ra8 33.Nb5 Rac8 34.Na7 Ra8 35.Nb5 Rac8  1/2-1/2

[Event "Chigorin Memorial 2012"]
[Site "St Petersburg RUS"]
[Date "2012.10.29"]
[Round "3.12"]
[White "Popov,Val"]
[Black "Debashis,D"]
[Result "1/2-1/2"]
[WhiteElo "2577"]
[BlackElo "2454"]

1.c4 c6 2.Nf3 d5 3.e3 Nf6 4.Nc3 e6 5.b3 Nbd7 6.Qc2 Bd6 7.Bb2 O-O 8.Be2 b6
9.d4 Bb7 10.Rd1 Qe7 11.O-O Rfe8 12.e4 Nxe4 13.Nxe4 dxe4 14.Qxe4 Nf6 15.Qe3 c5
16.dxc5 Bxc5 17.Bd4 e5 18.Bxc5 bxc5 19.h3 a5 20.Rfe1 g6 21.Bf1 Bxf3 22.Qxf3 Ra6
23.Qc3 Qc7 24.Re3 Rae6 25.a3 Kg7 26.b4 cxb4 27.axb4 axb4 28.Qxb4 Rc6 29.Qd2 h6
30.g3 h5 31.Qb2 Re7 32.Rde1 Rc5 33.Rb3 Ne8 34.Rbe3 Nf6 35.Rb3 Ne8 36.Rbe3 Nf6
37.Rb3 Ne8 38.Rbe3 Nf6 39.Rb3 Ne8  1/2-1/2

[Event "4th Marcel Duchamp Premier"]
[Site "Buenos Aires ARG"]
[Date "2012.10.30"]
[Round "8"]
[White "Tempone,M"]
[Black "Leon,Ju"]
[Result "0-1"]
[WhiteElo "2411"]
[BlackElo "2265"]

1.c4 c6 2.d4 d5 3.Nf3 Nf6 4.Qc2 dxc4 5.Qxc4 Bf5 6.Nc3 e6 7.g3 Be7 8.Bg2 Nbd7
9.O-O Ne4 10.Nd1 Nd6 11.Qb3 Qb6 12.Ne3 Be4 13.Qd1 Rd8 14.b3 h5 15.Bb2 h4
16.Qe1 Qb5 17.Ne5 Bxg2 18.Kxg2 Ne4 19.Nd3 Qh5 20.g4 Qh7 21.f3 Ng5 22.Rd1 f5
23.gxf5 O-O 24.fxe6 Nf6 25.Kh1 Nxe6 26.Ne5 Nh5 27.N3g4 Nef4 28.Rg1 Ng3+ 29.Rxg3 hxg3
30.e3 Bh4 31.Qd2 Nh5 32.Qd3 Qxd3 33.Rxd3 Bf6 34.h3 Bxe5 35.Nxe5 Rf5 36.f4 g5
37.Ng4 Kh7 38.fxg5 Rdf8 39.Ba3 Re8 40.Kg2 Ra5 41.b4 Rxg5 42.Bb2 Rf8 43.Bc3 Kg6
44.Be1 Kf5 45.d5 Rd8 46.d6 Ke6 47.Bxg3 Nxg3 48.Kxg3 Rxd6 49.Rc3 a5 50.a3 a4
51.e4 Rd1 52.Kh4 Rg8 53.Rf3 Rb1 54.Rf6+ Ke7 55.e5 Rh8+ 56.Kg5 Rxh3 57.Rg6 Rg1
58.Kf5 Rf1+ 59.Ke4 Rh4  0-1

[Event "Chigorin Memorial"]
[Site "St Petersburg RUS"]
[Date "2012.10.30"]
[Round "4.21"]
[White "Ipatov,Alexander"]
[Black "Mammadov,Z"]
[Result "1-0"]
[WhiteElo "2591"]
[BlackElo "2442"]

1.c4 c6 2.d4 d5 3.Nf3 Nf6 4.Nc3 dxc4 5.a4 Bf5 6.e3 e6 7.Bxc4 Bb4 8.O-O O-O
9.Nh4 Bg4 10.f3 Bh5 11.g4 Bg6 12.Nxg6 hxg6 13.e4 Qb6 14.g5 Rd8 15.Be3 Ne8
16.Qe2 Nd7 17.Kg2 Qa5 18.h4 Nd6 19.Ba2 Qa6 20.Qxa6 bxa6 21.Rac1 Nb6 22.Ne2 Nxa4
23.Nf4 Rab8 24.Rf2 Nb5 25.h5 gxh5 26.g6 Nxd4 27.gxf7+ Kxf7 28.Bxd4 Rxd4 29.Nxe6 Rd2
30.Nc5+ Ke7 31.Nxa4 Rxf2+ 32.Kxf2 c5 33.Rg1 Kf6 34.f4 Rd8 35.Bd5 h4 36.Kf3  1-0